| 000 | 01039pam a2200301 a 4500 | ||
|---|---|---|---|
| 001 | 592 | ||
| 005 | 20230620161457.0 | ||
| 008 | 920504s1993 nyu j 000 1 eng | ||
| 020 |
_a0590449214 : _c$13.95 |
||
| 040 |
_aDLC _cDLC _dDLC _beng |
||
| 050 | 0 | 0 |
_aPZ7.B46626 _bMy 1993 |
| 082 | 0 | 0 |
_a[Fic] _220 |
| 100 | 1 | _aBetancourt, Jeanne. | |
| 245 | 1 | 0 |
_aMy name is Brain Brian / _cJeanne Betancourt. |
| 260 |
_aNew York : _bScholastic, _c1993. |
||
| 300 |
_a128 pages ; _c22 cm. |
||
| 500 | _aOn t.p. the word "brain" appears with an "X" through it. | ||
| 505 | _aM | ||
| 520 | _aAlthough he is helped by his new sixth grade teacher after being diagnosed as dyslexic, Brian still has some problems with school and with people he thought were his friends. | ||
| 521 |
_a700
_bLexile |
||
| 521 |
_aM
_bRaz-Plus |
||
| 650 | 1 |
_aDyslexia _xFiction. |
|
| 650 | 1 |
_aSchools _xFiction. |
|
| 650 | 1 |
_aFriendship _xFiction. |
|
| 650 | 1 |
_aSelf-perception _xFiction. |
|
| 906 |
_a7 _bcbc _corignew _d1 _eocip _f19 _gy-gencatlg |
||
| 942 |
_2ddc _cBK _n0 |
||
| 999 |
_c592 _d592 |
||